[Event "FRA-chT2 0304"]
[Site "France"]
[Date "2004.03.13"]
[Round "8"]
[White "Marechal, Andy"]
[Black "Siegel, Georg"]
[Result "1/2-1/2"]
[WhiteElo "2286"]
[BlackElo "2415"]
[PlyCount "93"]
[EventDate "2003.10.??"]
[EventType "team"]
[EventRounds "11"]
[EventCountry "FRA"]
[SourceTitle "EXT 2005"]
[Source "ChessBase"]
[SourceDate "2004.11.15"]
[SourceVersion "1"]
[SourceVersionDate "2004.11.15"]
[SourceQuality "1"]

1. e4 c5 2. Nc3 Nc6 3. g3 g6 4. Bg2 Bg7 5. Nge2 Rb8 6. 0-0 b5 7. a3 a5 8. d3 b4 9. axb4 axb4 10. Nd5 e6 11. Ne3 Nge7 12. c3 d5 13. exd5 exd5 14. d4 bxc3 15. bxc3 cxd4 16. Nxd4 Nxd4 17. cxd4 0-0 18. Ba3 Re8 19. Bc5 Be6 20. Qa4 h5 21. Rfb1 Rxb1+ 22. Rxb1 h4 23. Qb5 Nf5 24. Nxf5 Bxf5 25. Rd1 Bg4 26. Rb1 Bd7 27. Qb3 Be6 28. Re1 h3 29. Bf3 Bg4 30. Rxe8+ Qxe8 31. Kf1 Bxf3 32. Qxf3 Qb5+ 33. Qe2 Qb1+ 34. Qe1 Qf5 35. Qe3 Kh7 36. Ke2 Qc2+ 37. Qd2 Qe4+ 38. Qe3 Qg2 39. Qf4 f6 40. Qh4+ Kg8 41. Qg4 g5 42. Qe6+ Kh7 43. Qe8 Kh6 44. Bf8 Bxf8 45. Qxf8+ Kg6 46. Qe8+ Kf5 47. Qd7+ 1/2-1/2

[Event "SUI-chT"]
[Site "Switzerland"]
[Date "2004.02.29"]
[Round "1.3"]
[White "Siegel, Georg"]
[Black "Pelletier, Yannick"]
[Result "0-1"]
[WhiteElo "2419"]
[BlackElo "2594"]
[PlyCount "86"]
[EventDate "2004.02.29"]
[EventType "team-tourn"]
[EventRounds "9"]
[EventCountry "SUI"]
[SourceTitle "CBM 099 Extra"]
[Source "ChessBase"]
[SourceDate "2004.05.04"]
[SourceVersion "1"]
[SourceVersionDate "2004.05.04"]
[SourceQuality "1"]
[WhiteTeam "Riehen"]
[BlackTeam "Biel"]
[WhiteTeamCountry "SUI"]
[BlackTeamCountry "SUI"]

1. Nf3 Nf6 2. c4 e6 3. Nc3 c5 4. g3 b6 5. Bg2 Bb7 6. 0-0 Be7 7. d4 cxd4 8. Qxd4 d6 9. Rd1 a6 10. Bg5 Ra7 11. Bxf6 Bxf6 12. Qxd6 Qxd6 13. Rxd6 Nd7 14. Rad1 Bxf3 15. Bxf3 Ke7 16. c5 bxc5 17. Rc6 Bd4 18. Na4 Ne5 19. Rb6 Nxf3+ 20. exf3 Rd8 21. Rc1 Rd5 22. Kg2 h5 23. Rb8 Rc7 24. Nb6 Rd8 25. Rxd8 Kxd8 26. Nc4 g5 27. Rd1 Ke7 28. Rd3 Rb7 29. Ra3 Bxb2 30. Nxb2 Rxb2 31. Rxa6 Kd7 32. Ra7+ Kd6 33. Rxf7 c4 34. Rf8 Rxa2 35. Rc8 Kd5 36. Rg8 c3 37. Rxg5+ Kd4 38. Rg8 Ra5 39. Rd8+ Rd5 40. Rc8 Rc5 41. Rd8+ Kc4 42. Rd1 c2 43. Rc1 Kd3 0-1

[Event "FRA-chT2 0304"]
[Site "France"]
[Date "2004.02.01"]
[Round "7"]
[White "Bakalarz, Mietek"]
[Black "Siegel, Georg"]
[Result "1/2-1/2"]
[WhiteElo "2333"]
[BlackElo "2415"]
[PlyCount "39"]
[EventDate "2003.10.??"]
[EventType "team"]
[EventRounds "11"]
[EventCountry "FRA"]
[SourceTitle "EXT 2005"]
[Source "ChessBase"]
[SourceDate "2004.11.15"]
[SourceVersion "1"]
[SourceVersionDate "2004.11.15"]
[SourceQuality "1"]

1. d4 Nf6 2. Nf3 e6 3. Bg5 c5 4. e3 cxd4 5. exd4 Be7 6. c4 d6 7. Nc3 Nbd7 8. a4 a5 9. g3 b6 10. Bg2 Bb7 11. 0-0 Rc8 12. d5 e5 13. Nd2 0-0 14. Nb5 Ra8 15. Be3 Nc5 16. f4 exf4 17. Bxf4 Nd3 18. Be3 Nd7 19. Nf3 N7e5 20. Nxe5 1/2-1/2

[Event "FRA-chT2 0304"]
[Site "France"]
[Date "2003.12.07"]
[Round "4"]
[White "Siegel, Georg"]
[Black "Schulz, Vladimir"]
[Result "1-0"]
[WhiteElo "2415"]
[BlackElo "2223"]
[PlyCount "129"]
[EventDate "2003.10.??"]
[EventType "team"]
[EventRounds "11"]
[EventCountry "FRA"]
[SourceTitle "EXT 2005"]
[Source "ChessBase"]
[SourceDate "2004.11.15"]
[SourceVersion "1"]
[SourceVersionDate "2004.11.15"]
[SourceQuality "1"]

1. Nf3 d5 2. d4 c6 3. c4 e6 4. Qc2 f5 5. g3 Nf6 6. Bg2 Bd6 7. 0-0 0-0 8. b3 Qe7 9. Bb2 Ne4 10. Nbd2 Bd7 11. Ne5 Be8 12. Ndf3 Nd7 13. a3 Bh5 14. b4 a6 15. Nxd7 Qxd7 16. Ne5 Qe7 17. f3 Nf6 18. Nd3 Bg6 19. e3 Nd7 20. Rae1 Bc7 21. cxd5 exd5 22. f4 Nb6 23. Ne5 Be8 24. Bh3 Bd7 25. Ra1 Be6 26. Rfe1 Nc8 27. a4 Nd6 28. Ba3 Qd8 29. b5 axb5 30. axb5 cxb5 31. Qb3 Re8 32. Bxd6 Bxd6 33. Qxb5 Bxe5 34. dxe5 Rxa1 35. Rxa1 Re7 36. Rd1 Qc7 37. Bg2 Qc6 38. Qa5 Rd7 39. Qa8+ Kf7 40. Bf3 Kg6 41. Qa3 Rc7 42. Qd3 Qc5 43. g4 Qc2 44. gxf5+ Bxf5 45. Qxc2 Bxc2 46. Rxd5 Kf5 47. Rb5 g5 48. e6+ Kxe6 49. Rxg5 Bd3 50. Re5+ Kf6 51. Rd5 Bf5 52. Rd6+ Kg7 53. Rb6 Bc8 54. Kf2 Rc2+ 55. Kg3 Rc3 56. e4 h5 57. f5 h4+ 58. Kf4 Kf8 59. e5 Bd7 60. e6 Be8 61. f6 Rc4+ 62. Kg5 Rc5+ 63. Kxh4 Rf5 64. e7+ Kg8 65. Bg4 1-0

[Event "FRA-chT2 0304"]
[Site "France"]
[Date "2003.11.16"]
[Round "3"]
[White "Bunzmann, Dimitrij"]
[Black "Siegel, Georg"]
[Result "1/2-1/2"]
[WhiteElo "2542"]
[BlackElo "2415"]
[PlyCount "72"]
[EventDate "2003.10.??"]
[EventType "team"]
[EventRounds "11"]
[EventCountry "FRA"]
[SourceTitle "EXT 2005"]
[Source "ChessBase"]
[SourceDate "2004.11.15"]
[SourceVersion "1"]
[SourceVersionDate "2004.11.15"]
[SourceQuality "1"]
[WhiteTeam "Mulhouse II"]
[BlackTeam "Illkirch Graffenstaden"]
[WhiteTeamCountry "FRA"]
[BlackTeamCountry "FRA"]

1. d4 d5 2. c4 e6 3. Nc3 Be7 4. Nf3 Nf6 5. Bg5 h6 6. Bh4 0-0 7. e3 b6 8. Qc2 Bb7 9. Bxf6 Bxf6 10. cxd5 exd5 11. 0-0-0 Nd7 12. g4 c5 13. h4 cxd4 14. exd4 g6 15. h5 g5 16. Qf5 Re8 17. Bb5 Re6 18. Ba4 Bg7 19. Rhe1 Rf6 20. Qd3 Rf4 21. Qe3 Nf8 22. Rg1 Qf6 23. Rg3 Ne6 24. Ne2 Rc8+ 25. Kb1 Rxg4 26. Bc2 Rxg3 27. fxg3 Re8 28. Qd3 Nf8 29. Nc3 Qd6 30. Nh2 a6 31. Rf1 Qe6 32. Nf3 Qg4 33. Bb3 Qd7 34. Ne1 b5 35. Nc2 Re6 36. Ne3 Qe8 1/2-1/2

[Event "SUI-chT"]
[Site "Switzerland"]
[Date "2003.09.07"]
[Round "7.3"]
[White "Siegel, Georg"]
[Black "Papa, Severin"]
[Result "1/2-1/2"]
[WhiteElo "2417"]
[BlackElo "2377"]
[PlyCount "45"]
[EventDate "2003.03.23"]
[EventType "team-tourn"]
[EventRounds "9"]
[EventCountry "SUI"]
[SourceTitle "EXT 2004"]
[Source "ChessBase"]
[SourceDate "2003.11.25"]
[SourceVersion "1"]
[SourceVersionDate "2003.11.25"]
[SourceQuality "1"]
[WhiteTeam "Riehen"]
[BlackTeam "Winterthur"]
[WhiteTeamCountry "SUI"]
[BlackTeamCountry "SUI"]

1. Nf3 Nf6 2. c4 c5 3. Nc3 d5 4. cxd5 Nxd5 5. d4 Nxc3 6. bxc3 g6 7. Bg5 Bg7 8. e3 h6 9. Bh4 Be6 10. Be2 Qa5 11. 0-0 Nc6 12. d5 Rd8 13. e4 Bg4 14. Rb1 Bxf3 15. gxf3 g5 16. Bg3 Ne5 17. Rxb7 Qxa2 18. Bb5+ Kf8 19. Kg2 a6 20. Qa4 Qxa4 21. Bxa4 h5 22. Rfb1 Bf6 23. Bxe5 1/2-1/2